|
|
|
|
| LEADER |
01610nam a2200397 i 4500 |
| 001 |
EBC5589600 |
| 003 |
MiAaPQ |
| 005 |
20200520144314.0 |
| 006 |
m o d | |
| 007 |
cr cnu|||||||| |
| 008 |
181227s1991 gw o 000 0 ger d |
| 020 |
|
|
|z 9783486549829
|
| 020 |
|
|
|a 9783486708158 (e-book)
|
| 035 |
|
|
|a (MiAaPQ)EBC5589600
|
| 035 |
|
|
|a (Au-PeEL)EBL5589600
|
| 035 |
|
|
|a (OCoLC)1066183842
|
| 040 |
|
|
|a MiAaPQ
|b eng
|e rda
|e pn
|c MiAaPQ
|d MiAaPQ
|
| 043 |
|
|
|a e-gx---
|
| 050 |
|
4 |
|a DD801.C43
|b .U578 1991
|
| 082 |
0 |
|
|a 943.593
|2 23
|
| 245 |
0 |
0 |
|a Unruhige Zeiten :
|b Erlebnisberichte Aus Dem Landkreis Celle 1945-1949 /
|c Rainer Schulze, hg.
|
| 264 |
|
1 |
|a Munchen :
|b R. Oldenbourg Verlag GmbH,
|c [1991]
|
| 264 |
|
4 |
|c 1991
|
| 300 |
|
|
|a 1 online resource (352 pages)
|
| 336 |
|
|
|a text
|b txt
|2 rdacontent
|
| 337 |
|
|
|a computer
|b c
|2 rdamedia
|
| 338 |
|
|
|a online resource
|b cr
|2 rdacarrier
|
| 588 |
|
|
|a Description based on print version record.
|
| 590 |
|
|
|a Electronic reproduction. Ann Arbor, MI : ProQuest, 2018. Available via World Wide Web. Access may be limited to ProQuest affiliated libraries.
|
| 650 |
|
0 |
|a Reconstruction (1939-1951)
|z Germany.
|
| 651 |
|
0 |
|a Celle (Germany : Landkreis)
|x History
|v Sources.
|
| 655 |
|
4 |
|a Electronic books.
|
| 700 |
1 |
|
|a Schulze, Rainer,
|e editor.
|
| 776 |
0 |
8 |
|i Print version:
|t Unruhige Zeiten : Erlebnisberichte Aus Dem Landkreis Celle 1945-1949.
|d Munchen : R. Oldenbourg Verlag GmbH, c1991
|h 352 pages
|z 9783486549829
|
| 797 |
2 |
|
|a ProQuest (Firm)
|
| 856 |
4 |
0 |
|u https://ebookcentral.proquest.com/lib/matrademy/detail.action?docID=5589600
|z Click to View
|